Представление документа в формате RUSMARC

ПолеНазваниеЗначение
  Тип записи a
  Библиографический уровень a
001 Контрольный номер RU/CBS_UL/BASE/593369852
005 Дата корректировки 20240209175230.8
100 Данные общей обработки __
a Данные общей обработки 20181020d2018 ||| 0rusy0189 ca
101 Язык документа 0_
a Язык текста rus
102 Страна публикации __
a Страна публикации RU
105 Кодированные данные (монография) __
a Кодированные данные (монография) y###||||000|y
200 Заглавие и сведения об ответственности 1_
a Заглавие Необычное путешествие по Израилю
b Общее обозначение материала Текст
e Сведения, относящиеся к заглавию [достопримечательности Израиля]
f Первые сведения об ответственности Л. Зыкова
300 Общие примечания __
a Общие примечания Ограничения по возрасту - 12+
461 Уровень набора _0
1 2000
a Лазурь
463 Уровень физической единицы _0
1 001RU/CBS_UL/BASE/577304058
1 2000
a № 9
v С. 13-17
1 210
d 2018
606 Тематические рубрики 0_
a Основная рубрика Израиль
y Географическая подрубрика Израиль
y Географическая подрубрика Эйлат, город (Израиль)
y Географическая подрубрика Красное море
610 Ключевые слова 0_
a Ключевые слова города Израиля
610 Ключевые слова 0_
a Ключевые слова национальные парки
610 Ключевые слова 0_
a Ключевые слова достопримечательности Израиля
a Ключевые слова Эйн-Авдат (национальные парки)
610 Ключевые слова 0_
a Ключевые слова Эйлат
686 Индексы других классификаций __
a Классификационный индекс 26.89
2 Код системы ББК
700 Автор _1
a Фамилия Зыкова
b Имя (инициалы) Л.
801 Источник записи _0
a Страна RU
b Организация МБУК ЦБС г. Ульяновска
c Дата составления 20181020
g Правила каталогизации RCR
801 Источник записи _1
a Страна RU
b Организация МБУК ЦБС г. Ульяновска
c Дата составления 20181020
g Правила каталогизации RCR
901 Тип документа __
t Тип документа b
w Контрольный № источника RU/CBS_UL/BASE/577304058
910 Корректоры записи __
a Корректор записи Библиотека 28
938 Служебная информация __
a Имя БД period